Écritures dramatiques contemporaines (notice n° 1925716)

détails MARC
000 -LEADER
fixed length control field 01511cam a2200133 4500500
005 - DATE AND TIME OF LATEST TRANSACTION
control field 20260329023234.0
041 ## - LANGUAGE CODE
Language code of text/sound track or separate title fre
042 ## - AUTHENTICATION CODE
Authentication code dc
100 10 - MAIN ENTRY--PERSONAL NAME
Personal name Ryngaert, Jean-Pierre
Relator term author
245 00 - TITLE STATEMENT
Title Écritures dramatiques contemporaines
260 ## - PUBLICATION, DISTRIBUTION, ETC.
Name of publisher, distributor, etc. Armand Colin,<br/>
Date of publication, distribution, etc. 2011.<br/>
520 ## - SUMMARY, ETC.
Summary, etc. Après la période des années 1960-1970, marquée par la toute puissance de la mise en scène, de rares auteurs ont persisté à écrire des textes. Parfois ignorés ou éloignés des scènes, largement supplantés par les créations nouvelles de pièces classiques, ces auteurs ont été de fait occultés par la notoriété des ceux des années 1950. Cette nouvelle édition revue et augmentée de l’ouvrage Lire le théâtre contemporain met en lumière ce phénomène de renouveau des écritures dramatiques en France dans le dernier tiers du XXe siècle. Ainsi l’apparition des écritures fragmentées, l’éclatement de l’espace et du temps, le renouvellement du dialogue ou la mise en question du personnage sont quelques-unes des tendances examinées à travers une série d’exemples de Michel Vinaver à Bernard-Marie Koltès, de Nathalie Sarraute à Philippe Minyana et Noëlle Renaude. Une anthologie de textes théoriques et critiques complète le volume. Jean-Pierre RYNGAERT est professeur en études théâtrales à l’université de Paris III-Sorbonne Nouvelle.
856 41 - ELECTRONIC LOCATION AND ACCESS
Uniform Resource Identifier <a href="https://shs.cairn.info/ecritures-dramatiques-contemporaines--9782200271398?lang=fr&redirect-ssocas=7080">https://shs.cairn.info/ecritures-dramatiques-contemporaines--9782200271398?lang=fr&redirect-ssocas=7080</a>

Pas d'exemplaire disponible.

PLUDOC

PLUDOC est la plateforme unique et centralisée de gestion des bibliothèques physiques et numériques de Guinée administré par le CEDUST. Elle est la plus grande base de données de ressources documentaires pour les Étudiants, Enseignants chercheurs et Chercheurs de Guinée.

Adresse

627 919 101/664 919 101

25 boulevard du commerce
Kaloum, Conakry, Guinée

Réseaux sociaux

Powered by Netsen Group @ 2025